Italian cities by photo - Statistics

General Stats
  • This quiz has been taken 56 times
  • The average score is 6 of 16
Answer Stats
Picture Answer % Correct
Rome
100%
Venice
88%
Turin
77%
Naples
71%
Florence
67%
Siena
48%
Cagliari
29%
Messina
23%
Syracuse
19%
Trieste
19%
Perugia
15%
Sorrento
15%
Palmanova
10%
Sorico
6%
Chiavenna
4%
Colico
4%
No matching quizzes found
Score Distribution
Percent of People with Each Score
Percentile by Number Answered
Your Score History
You have not taken this quiz